Vlastnosti tupých zvarových spojov vyhotovených na pozinkovaných plechoch typu DP 600 plazmovým oblúkom

Podrobná bibliografia
Hlavný autor: Sejč, Pavol, 1964- (Autor)
Médium: Článok
Jazyk:slovenčina
PhysicalDescription:Graf, fotogr., sch., tab.
ISSN:1336-5045
Predmet:

MARC

LEADER 00000nab a2200000 a 4500
001 vtls009279068
003 SK-MaSNL
005 20260304154505.0
008 250507c2008 xo |||||||||||000 b|slo
015 |a SNBRB2008/03  |2 snkbucl 
035 |a (uuid)58dec840-6dce-4abe-a3d7-8bf13c5f8122 
035 |a urn:nbn:sk:snk-ab9vlp 
035 |a (urnnbn)urn:nbn:sk:snk:ar-a090u4 
038 |a SNKBUCL 
040 |a SNKBUCL  |b slo  |c SNKBUCL  |e AACR2 
041 0 |a slo  |b eng  |b slo 
044 |a xo  |c SK 
080 |a 621.791.755.05:669.15-194.2-41-408.2  |2 2001 
080 |a 669.15-194.2-41-408.2  |2 2001 
100 1 |a Sejč, Pavol,  |d 1964-  |4 aut  |9 155867 
245 1 0 |a Vlastnosti tupých zvarových spojov vyhotovených na pozinkovaných plechoch typu DP 600 plazmovým oblúkom  |c Pavol Sejč 
246 3 4 |a The properties of butt weld joints created to the zinc-coated sheet stype DP 600 by plasma ARC 
300 |b Graf, fotogr., sch., tab. 
504 |a Bibliogr. odkazy 
546 |a Res. angl., slov. 
650 0 7 |a pozinkované oceľové plechy  |2 snkbucl  |9 603759 
650 0 7 |a mikrolegované ocele  |2 snkbucl  |9 98435 
650 0 7 |a plazmové zváranie  |2 snkbucl  |9 19429 
650 0 7 |a zvarové spoje  |2 snkbucl  |9 31821 
773 0 |t Zvárač  |g Roč. V, č. 1 (2008), s. 11-14  |x 1336-5045 
850 |a Slovenská národná knižnica 
852 |a Slovenská národná knižnica 
954 |a odborná, vedecká literatúra pôvodná (slovenská)  |2 lita 
958 |a article13 
958 |a OND 
958 |a NB 
958 |a EUIPO 
999 |c 2957921  |d 2959851